000 00858cam a22002174a 4500
005 20250605164330.0
008 250528s ||||||||||||||||||||||||d
035 _a23212
020 _a9780745399379
040 _aGR-AtMCL
_bgre
_dGR-AtMCL
_eAACR2
245 1 _aThe Communist Manifesto
260 _bPluto Press,
_c2017
300 _a170
520 _aIntroduction by Jodi Dean, Manifesto of the Communist Party, Bourgeois and Proletarians, Proletarians and Communists, Socialist and Communist Literature, Position of the Communists in Relation to Various Existing Opposition Parties, Appendix: Prefaces to Various Language Editions, Afterword: Introduction to the 2008 edition by David Harvey.
700 1 _aDean Jodi
_98791
700 1 _aEngels Friedrich
_98792
700 1 _aMarx Karl
_91705
942 _cBK
999 _c8241
_d8241